Haunted castle on Hallows Eve (Record no. 801)

MARC details
000 -LEADER
fixed length control field 01335cam a2200373 a 4500
005 - DATE AND TIME OF LATEST TRANSACTION
control field 20230824100427.0
020 ## - INTERNATIONAL STANDARD BOOK NUMBER
International Standard Book Number 9780545290746
040 ## - CATALOGING SOURCE
Original cataloging agency DLC
Transcribing agency DLC
Modifying agency DLC
Language of cataloging eng
050 00 - LIBRARY OF CONGRESS CALL NUMBER
Classification number PZ7.O81167
Item number Hat 2003
082 00 - DEWEY DECIMAL CLASSIFICATION NUMBER
Classification number Fic
Edition number 21
100 1# - MAIN ENTRY--PERSONAL NAME
Personal name Osborne, Mary Pope.
245 10 - TITLE STATEMENT
Title Haunted castle on Hallows Eve
Statement of responsibility, etc. by Mary Pope Osborne ; illustrated by Sal Murdocca.
250 ## - EDITION STATEMENT
Edition statement This edition first printing, September 2010
260 ## - PUBLICATION, DISTRIBUTION, ETC.
Place of publication, distribution, etc. New York :
Date of publication, distribution, etc. 2003.
300 ## - PHYSICAL DESCRIPTION
Extent 113 pages :
Other physical details illustrations ;
Dimensions 20 cm
490 1# - SERIES STATEMENT
Series statement Magic tree house ;
Volume/sequential designation Book 30
500 ## - GENERAL NOTE
General note "A Stepping Stone book."
505 ## - FORMATTED CONTENTS NOTE
Formatted contents note I <br/>
520 ## - SUMMARY, ETC.
Summary, etc. In their magic treehouse, Jack and Annie are again transported to King Arthur's realm, where invisible beings, giant ravens, and mistaken magic spells have a duke's castle in an uproar on Halloween night.
521 ## - TARGET AUDIENCE NOTE
Target audience note 460 <br/>
Source Lexile <br/><br/>
521 ## - TARGET AUDIENCE NOTE
Target audience note I <br/>
Source Raz-Plus <br/>
650 #1 - SUBJECT ADDED ENTRY--TOPICAL TERM
Topical term or geographic name entry element Haunted houses
Form subdivision Fiction.
650 #1 - SUBJECT ADDED ENTRY--TOPICAL TERM
Topical term or geographic name entry element Castles
Form subdivision Fiction.
650 #1 - SUBJECT ADDED ENTRY--TOPICAL TERM
Topical term or geographic name entry element Ravens
Form subdivision Fiction.
650 #1 - SUBJECT ADDED ENTRY--TOPICAL TERM
Topical term or geographic name entry element Halloween
Form subdivision Fiction.
650 #1 - SUBJECT ADDED ENTRY--TOPICAL TERM
Topical term or geographic name entry element Time travel
Form subdivision Fiction.
650 #1 - SUBJECT ADDED ENTRY--TOPICAL TERM
Topical term or geographic name entry element Magic
Form subdivision Fiction.
650 #1 - SUBJECT ADDED ENTRY--TOPICAL TERM
Topical term or geographic name entry element Tree houses
Form subdivision Fiction.
700 1# - ADDED ENTRY--PERSONAL NAME
Personal name Murdocca, Sal
Relator term illustrator
906 ## - LOCAL DATA ELEMENT F, LDF (RLIN)
a 7
b cbc
c orignew
d 1
e ecip
f 20
g y-gencatlg
942 ## - ADDED ENTRY ELEMENTS (KOHA)
Source of classification or shelving scheme Dewey Decimal Classification
Koha item type Books
Suppress in OPAC No
999 ## -
-- 801
-- 801
Holdings
Withdrawn status Lost status Source of classification or shelving scheme Damaged status Not for loan Collection Home library Current library Shelving location Date acquired Total Checkouts Full call number Barcode Date last seen Date last checked out Price effective from Koha item type
    Dewey Decimal Classification     Juvenile Fiction Footprints International School Library Network Toul Kork Campus Footprints International School Library Network Toul Tom Poung Campus   07/10/2023 3 OSB Fic PZ7.O81167 FIS05424 12/09/2025 10/08/2025 07/10/2023 Books